| 000 | 00654nam a2200229 a 4500 | ||
|---|---|---|---|
| 005 | 20210219153209.0 | ||
| 008 | 991125n 000 0 u | ||
| 035 | _aUPN01000083609 | ||
| 100 | _aBrown, Ronald T. | ||
| 222 | _aJOURNAL OF LEARNING DISABILITIES | ||
| 245 | _aA introduction to the special series : pediatric chronic illness | ||
| 300 | _a4-6 | ||
| 362 | _a26, No. 1, 1993 | ||
| 505 | _aJulio 1993 | ||
| 653 | 0 | _aENFERMEDAD CRONICA | |
| 653 | 0 | _aNECESIDADES EDUCATIVAS | |
| 653 | 0 | _aPEDIATRAS | |
| 653 | 0 | _aPROBLEMAS DE APRENDIZAJE | |
| 653 | 0 | _aSINTOMAS (DESORDENES INDIVIDUALES) | |
| 904 |
_aAC _b021420 |
||
| 905 | _aArticulo | ||
| 999 |
_c70804 _d70804 |
||